000
00329nam a22001457a 4500
003
OSt
005
20160727222417.0
008
160625b xxu||||| |||| 00| 0 eng d
040
_c
TEST
100
_9
1174
_a
Gaur, V.K., et al
245
_a
CHE,CLASS-VII
260
_a
DELHI
_b
NCERT
_c
1989
300
_a
CHE,CLASS-VII
942
_2
ddc
_c
BK
999
_c
956
_d
956